Guía del país de Jesús

Saved in:
Bibliographic Details
Main Authors: Salas, Antonio (Author), Manrique, Andrés (Author)
Format: Book
Language:Spanish
Published: Madrid Biblia y Fe 1979
Edition:2a. ed
Subjects:
Tags: Add Tag
No Tags, Be the first to tag this record!

MARC

LEADER 00000nam a2200000 a 4500
001 UCL5153
003 CL-VaPUC
008 040305e19790000SP |||||||||||||||||spa|d
020 |a 8440097867 
082 0 4 |a 220.91  |b SAL  |2 21 
100 0 |a Salas, Antonio  |e author  |9 482848 
700 0 |a Manrique, Andrés  |e author  |9 482849 
245 1 0 |a Guía del país de Jesús 
250 |a 2a. ed 
300 |a 223 p 
942 |c BK 
945 |d 20040305 00:00:00  |a vberengu 
260 |a Madrid  |b Biblia y Fe  |c 1979 
600 0 |a Jesús  |9 313614 
650 0 |a Geografía bíblica  |9 313694 
651 0 |a Palestina  |9 324189 
583 |a last modification  |c 20040305 00:00:00  |k Rodrigo Vera 
999 |c 307821  |d 307819 
952 |0 0  |1 0  |4 0  |6 220_910000000000000_SAL_1979  |7 0  |8 A  |9 373951  |a BIBTEO  |b BIBTEO  |d 2019-11-21  |i 2104636  |o 220.91 SAL 1979  |p 2104636  |r 2025-01-17  |w 2019-11-21  |y BK  |k ICR